Statistics for NBA 2015 Playoffs Starters

Click here to take the quiz!

General Stats

  • This quiz has been taken 424 times
    (390 since last reset)
  • The average score is 53 of 80

Answer Stats

TeamPlayer% Correct
WarriorsKlay Thompson
99%
CavaliersLeBron James
99%
CavaliersTristan Thompson
99%
CavaliersKyrie Irving
98%
SpursDanny Green
95%
WarriorsDraymond Green
95%
WarriorsStephen Curry
95%
RocketsJames Harden
94%
HawksAl Horford
93%
WizardsBradley Beal
93%
ClippersChris Paul
93%
WizardsJohn Wall
93%
RaptorsKyle Lowry
93%
Trail BlazersDamian Lillard
92%
RaptorsDeMar DeRozan
92%
MavericksDirk Nowitzki
92%
BucksGiannis Antetokounmpo
91%
GrizzliesMarc Gasol
91%
BullsPau Gasol
91%
SpursTony Parker
91%
PelicansAnthony Davis
90%
BullsDerrick Rose
90%
SpursTim Duncan
90%
ClippersBlake Griffin
89%
ClippersDeAndre Jordan
88%
BullsJoakim Noah
87%
SpursKawhi Leonard
86%
NetsBrook Lopez
83%
BullsJimmy Butler
83%
Trail BlazersRobin Lopez
83%
GrizzliesMike Conley
82%
HawksPaul Millsap
82%
WarriorsHarrison Barnes
81%
HawksJeff Teague
81%
BucksKhris Middleton
81%
ClippersMatt Barnes
80%
WarriorsAndrew Bogut
79%
NetsDeron Williams
78%
HawksKyle Korver
78%
BucksMichael Carter-Williams
78%
RaptorsJonas Valanciunas
77%
WizardsPaul Pierce
77%
GrizzliesZach Randolph
74%
Trail BlazersLaMarcus Aldridge
73%
GrizzliesTony Allen
73%
RaptorsAmir Johnson
72%
RocketsDwight Howard
72%
NetsJoe Johnson
72%
WizardsMarcin Gortat
71%
ClippersJJ Redick
69%
CelticsAvery Bradley
57%
RocketsTrevor Ariza
57%
SpursTiago Splitter
54%
MavericksTyson Chandler
54%
HawksDeMarre Carroll
51%
CavaliersTimofey Mozgov
50%
CelticsMarcus Smart
47%
CavaliersIman Shumpert
45%
Trail BlazersNicolas Batum
45%
PelicansEric Gordon
43%
RocketsJason Terry
43%
MavericksJ.J. Barea
41%
RocketsTerrence Jones
37%
MavericksMonta Ellis
33%
GrizzliesCourtney Lee
32%
WizardsNenê
29%
CelticsEvan Turner
28%
BucksZaza Pachulia
28%
RaptorsTerrence Ross
26%
NetsThaddeus Young
25%
BucksErsan Ilyasova
24%
PelicansÖmer Aşık
23%
CelticsBrandon Bass
22%
BullsMike Dunleavy
22%
PelicansTyreke Evans
22%
MavericksAl-Farouq Aminu
19%
CelticsTyler Zeller
17%
NetsBojan Bogdanović
12%
PelicansQuincy Pondexter
11%
Trail BlazersArron Afflalo
4%

Score Distribution

Percentile by Number Answered

Percent of People with Each Score

Your Score History

You have not taken this quiz since the last reset